| 000 | 00700nam a2200229 a 4500 | ||
|---|---|---|---|
| 001 | 1651 | ||
| 003 | BD-RjUL | ||
| 005 | 20211208233359.0 | ||
| 008 | 131208s1979 nyua 000 0 eng d | ||
| 035 | _a(BD-RjUL)1678 | ||
| 040 |
_aDLC _cDLC _dBD-RjUL _beng |
||
| 041 | _aeng | ||
| 082 | 0 | 0 |
_223 _a519.5 _bPOB 1979 |
| 100 | 1 |
_aPohl, Norval F. _95457 |
|
| 245 | 1 | 0 |
_aStudent workbook to accompany Basic statistics for business and economics / _cLeonard J. Kazmier, Norval F. Pohl. |
| 260 |
_aNew York : _bMcGraw-Hill, _cc1979. |
||
| 300 |
_a249 p. : _bill. ; _c25 cm. |
||
| 504 | _aIncludes index. | ||
| 650 |
_aMathematical statistics _9204265 |
||
| 700 | 1 |
_aKazmier, Leonard J. _95461 |
|
| 942 |
_2ddc _cBK |
||
| 999 |
_c1651 _d1651 |
||